000 00800aam a2200277 i 4500
001 302
003 CO-MdBIC
005 20210918125045.0
008 210918t 1997ck ||||| |||| 00| 0 eng d
020 _a958-04-2711-9
040 _bspa.
_aCO-MdFUSB
_cCO-MdFUSB
_dCO-MdFUSBC
_erda
041 _aspa
082 0 4 _aR 410 C6499e
100 1 _aEscarpanter, José
245 1 0 _aDomine su lenguaje : Cómo dominar la ortografía / José Escarpanter
_c/
260 _aBogotá, Colombia : Norma
264 1 _aBogotá, Colombia :
_bNorma,
_c[1997]
264 4 _c© 1997
300 _a145 Pag.
_c;
336 _2rdacontent
_atexto
_btxt
337 _2rdamedia
_asin mediación
_bn
338 _2rdacarrier
_avolumen
_bnc
653 _aComo dominar la ortografía
942 _cBK
945 _aEstudiante
999 _c31838
_d31838